[Event "Tournament 14472 - Europe Echecs"]
[Site "Europe Echecs"]
[Date "2020.07.10"]
[Round "3"]
[Time "15:09:57"]
[PlyCount "82"]
[White "CuttoliAlexand"]
[Black "RazeMorvan"]
[WhiteElo "2044"]
[BlackElo "1326"]
[Mode "WEB"]
[Result "1-0"]

1. d4 d5 2. Bf4 g6 3. e3 Bg7 4. Nf3 Nc6 5. c4 Nf6 6. Nc3 dxc4 7. Bxc4 Nh5 8. Bg5
h6 9. Bh4 g5 10. Bg3 Nxg3 11. hxg3 O-O 12. Nxg5 hxg5 13. Qh5 Bf5 14. Qxg5 e6 15.
Qh5 Qf6 16. O-O-O Bg6 17. Qe2 Rfd8 18. f4 Na5 19. g4 b6 20. Bd3 Bxd3 21. Qxd3
Qg6 22. Qxg6 fxg6 23. Rhe1 Nc4 24. Ne4 Kf7 25. b3 Nd6 26. Ng5+ Ke7 27. Rh1 Rh8
28. Kc2 Bf6 29. Nf3 Ne4 30. g5 Nf2 31. gxf6+ Kxf6 32. Rxh8 Rxh8 33. Rf1 Ne4 34.
Kd3 Ng3 35. Rc1 Rc8 36. Rc6 Nf5 37. Ng5 Ng7 38. d5 Rd8 39. e4 Rd6 40. Rxc7 exd5
41. Rf7# {RazeMorvan est échec et mat} 1-0

[Event "Tournament 14472 - Europe Echecs"]
[Site "Europe Echecs"]
[Date "2020.07.10"]
[Round "3"]
[Time "15:09:57"]
[PlyCount "54"]
[White "BurgalatEliot"]
[Black "PiquardYarosla"]
[WhiteElo "1963"]
[BlackElo "1415"]
[Mode "WEB"]
[Result "1-0"]

1. Nf3 d5 2. d4 Nf6 3. c4 e6 4. Nc3 c6 5. e3 Nbd7 6. Be2 Be7 7. O-O dxc4 8. Bxc4
b5 9. Be2 a6 10. e4 Bb7 11. b3 c5 12. d5 exd5 13. e5 Ng4 14. Nxd5 Ngxe5 15. Bf4
Nxf3+ 16. Bxf3 O-O 17. Nxe7+ Qxe7 18. Bxb7 Rad8 19. Bd6 Qg5 20. Bxf8 Nxf8 21.
Qf3 Ne6 22. Rad1 Nd4 23. Qe3 Qg4 24. Bf3 Qh4 25. Rfe1 h6 26. Be4 g6 27. Bd3 {PiquardYarosla a perdu au temps} 1-0

[Event "Tournament 14472 - Europe Echecs"]
[Site "Europe Echecs"]
[Date "2020.07.10"]
[Round "3"]
[Time "15:09:57"]
[PlyCount "30"]
[White "DevezeArmand"]
[Black "HasslerTim"]
[WhiteElo "1425"]
[BlackElo "1933"]
[Mode "WEB"]
[Result "1-0"]

1. d4 e6 2. Nf3 Nf6 3. e3 d5 4. Bd3 Bd6 5. b3 O-O 6. Bb2 Nbd7 7. Nbd2 Re8 8. Ne5
Nf8 9. O-O c5 10. f4 N6d7 11. Qh5 f6 12. Qf7+ Kh8 13. Bxh7 Ng6 14. Nxg6+ Kxh7
15. Rf3 {HasslerTim a abandonné} 1-0

[Event "Tournament 14472 - Europe Echecs"]
[Site "Europe Echecs"]
[Date "2020.07.10"]
[Round "3"]
[Time "15:09:57"]
[PlyCount "95"]
[White "WuClara"]
[Black "EvrinSelvam"]
[WhiteElo "1403"]
[BlackElo "1882"]
[Mode "WEB"]
[Result "0-1"]

1. d4 d5 2. c4 c6 3. Nf3 Nf6 4. Qc2 g6 5. Nbd2 Bf5 6. Qd1 Bg7 7. e3 O-O 8. Be2
Nbd7 9. O-O Qc7 10. b3 e5 11. dxe5 Nxe5 12. Bb2 Nxf3+ 13. Nxf3 dxc4 14. Bxc4
Rad8 15. Qc1 Be4 16. Be2 Rd5 17. Rd1 Rfd8 18. Rxd5 Rxd5 19. Qc4 b5 20. Qc1 Ng4
21. g3 Ne5 22. Nxe5 Bxe5 23. Bxe5 Qxe5 24. Bf1 Rc5 25. Qd1 Bc2 26. Qe1 a5 27.
Rc1 a4 28. bxa4 Bxa4 29. Rxc5 Qxc5 30. Qd2 b4 31. Qb2 Qc3 32. Qe2 Bb5 33. Qg4
Qa1 34. Qh3 c5 35. Qg2 Bxf1 36. Qxf1 Qxa2 37. Qb5 Qa1+ 38. Kg2 Qc3 39. Kf3 b3
40. Kg2 b2 41. Qb8+ Kg7 42. h4 c4 43. Qb5 Qf6 44. e4 c3 45. e5 Qf5 46. Kg1 b1=Q+
47. Qxb1 Qxb1+ {WuClara a abandonné} 0-1

[Event "Tournament 14472 - Europe Echecs"]
[Site "Europe Echecs"]
[Date "2020.07.10"]
[Round "3"]
[Time "15:09:57"]
[PlyCount "130"]
[White "TallecNolann"]
[Black "KuhnMathilde"]
[WhiteElo "1400"]
[BlackElo "1764"]
[Mode "WEB"]
[Result "1-0"]

1. d4 Nf6 2. Bf4 g6 3. e3 Bg7 4. Nf3 d6 5. Be2 O-O 6. h3 Nbd7 7. O-O b6 8. c4
Bb7 9. Nc3 a6 10. Rb1 Qe8 11. Bh2 e5 12. dxe5 dxe5 13. Qc2 Qe7 14. Rfd1 Rad8 15.
b4 Ne8 16. a4 f5 17. a5 Nd6 18. Nd5 Bxd5 19. Rxd5 Ne4 20. Nd2 Ndf6 21. Nxe4 Nxd5
22. cxd5 fxe4 23. Bxa6 bxa5 24. bxa5 Qf6 25. Bc4 Kh8 26. Bg3 c6 27. Rb6 Rd6 28.
dxc6 Rxc6 29. Qxe4 Rxb6 30. axb6 Qxb6 31. Bxe5 Bxe5 32. Qxe5+ Qf6 33. Qxf6+ Rxf6
34. f3 Kg7 35. Kf2 Rc6 36. Bd5 Rc2+ 37. Kg3 Kf6 38. f4 Rd2 39. e4 Rd3+ 40. Kg4
h5+ 41. Kh4 Rd2 42. g3 Rf2 43. Bc4 Ke7 44. Bd5 Kf6 45. Bc6 Rc2 46. Bd5 Rc3 47.
g4 hxg4 48. hxg4 Rc1 49. e5+ Kg7 50. Kg5 Rd1 51. Bc6 Rc1 52. Be8 Rc8 53. Bxg6
Rf8 54. f5 Re8 55. f6+ Kf8 56. Bxe8 Kxe8 57. Kg6 Kf8 58. Kh7 Kf7 59. g5 Ke6 60.
g6 Kxe5 61. f7 Kf6 62. f8=Q+ Kg5 63. g7 Kh4 64. g8=Q Kh5 65. Qh6# {KuhnMathilde est échec et mat} 1-0

[Event "Tournament 14472 - Europe Echecs"]
[Site "Europe Echecs"]
[Date "2020.07.10"]
[Round "3"]
[Time "15:09:57"]
[PlyCount "84"]
[White "FloresVictor"]
[Black "DevizaAndrei"]
[WhiteElo "1741"]
[BlackElo "1379"]
[Mode "WEB"]
[Result "1-0"]

1. e4 d6 2. d4 Nf6 3. f3 g6 4. c4 Bg7 5. Nc3 Nbd7 6. Be3 e5 7. Nge2 O-O 8. Qd2
a6 9. g4 Nb6 10. Ng3 Re8 11. d5 Bd7 12. h4 c5 13. h5 Qe7 14. O-O-O a5 15. Bh6
Bxh6 16. Qxh6 a4 17. hxg6 fxg6 18. g5 Rf8 19. gxf6 Rxf6 20. Be2 Qg7 21. Qh4 a3
22. b3 Rf4 23. Qg5 Be8 24. Rdg1 Nd7 25. Nf5 Qf6 26. Ne7+ Kg7 27. Nf5+ Kg8 28.
Qxf6 Nxf6 29. Nxd6 b6 30. Ncb5 Bxb5 31. Nxb5 Nh5 32. Rxh5 Kf7 33. Rxh7+ Kf6 34.
Rh6 Rg8 35. Nxa3 Kf7 36. Nc2 g5 37. Ne3 Rf6 38. Nf5 Rgg6 39. Rh7+ Kf8 40. Rgh1
Rg8 41. Rb7 Rf7 42. Rb8# {DevizaAndrei est échec et mat} 1-0

[Event "Tournament 14472 - Europe Echecs"]
[Site "Europe Echecs"]
[Date "2020.07.10"]
[Round "3"]
[Time "15:09:57"]
[PlyCount "90"]
[White "LonckeMatthieu"]
[Black "BelGirardotCha"]
[WhiteElo "1726"]
[BlackElo "1361"]
[Mode "WEB"]
[Result "1-0"]

1. d4 d5 2. Bf4 Bf5 3. c4 e6 4. Nc3 Nf6 5. Qb3 b6 6. e3 Bd6 7. Bg3 O-O 8. Nf3
Bxg3 9. hxg3 dxc4 10. Bxc4 Ne4 11. g4 Bg6 12. Nxe4 Bxe4 13. Bd3 Bxd3 14. Qxd3 g6
15. Qe4 c6 16. g5 Na6 17. Qh4 Re8 18. Qxh7+ Kf8 19. Ne5 Qc7 20. Qh8+ Ke7 21.
Qf6+ Kd6 22. Rh7 Re7 23. Rc1 Rae8 24. Rxc6+ Qxc6 25. Nxc6 Kxc6 26. Rxf7 Rxf7 27.
Qxf7 Rd8 28. Qxe6+ Rd6 29. Qc4+ Kb7 30. b4 Rc6 31. Qf7+ Rc7 32. Qxg6 Nxb4 33.
Qe4+ Kc8 34. Qe8+ Kb7 35. g6 Nc2+ 36. Ke2 Nb4 37. Qf7 Nc6 38. Qd5 Rg7 39. Qe4
Kc7 40. f4 Kd6 41. f5 Re7 42. Qf4+ Kd7 43. f6 Re6 44. g7 Nxd4+ 45. Qxd4+ {BelGirardotCha a abandonné} 1-0

[Event "Tournament 14472 - Europe Echecs"]
[Site "Europe Echecs"]
[Date "2020.07.10"]
[Round "3"]
[Time "15:09:57"]
[PlyCount "57"]
[White "SemenovMaxime"]
[Black "SureauCorentin"]
[WhiteElo "1367"]
[BlackElo "1686"]
[Mode "WEB"]
[Result "0-1"]

1. d4 Nf6 2. c4 e5 3. dxe5 Ng4 4. Nf3 Bc5 5. e3 Nc6 6. Nc3 Ngxe5 7. Be2 d6 8.
O-O O-O 9. b3 Be6 10. Bb2 Qd7 11. Ne4 Bb6 12. Rc1 f5 13. Neg5 Nxf3+ 14. Bxf3
Rae8 15. Nxe6 Qxe6 16. Bd5 Kh8 17. Bxe6 Rxe6 18. Qf3 Rg6 19. e4 Ne7 20. exf5
Nxf5 21. g3 Kg8 22. Qd5+ Kh8 23. Rcd1 Nh4 24. Kh1 Nf3 25. Rd3 Ng5 26. Qxb7 Nh3
27. f4 h6 28. Kg2 Nxf4+ {SemenovMaxime a perdu au temps} 0-1

[Event "Tournament 14472 - Europe Echecs"]
[Site "Europe Echecs"]
[Date "2020.07.10"]
[Round "3"]
[Time "15:09:57"]
[PlyCount "64"]
[White "DintronoNoe"]
[Black "YaylaEmre"]
[WhiteElo "1685"]
[BlackElo "1336"]
[Mode "WEB"]
[Result "1-0"]

1. e4 e5 2. Nc3 Nc6 3. f4 exf4 4. Nf3 Bc5 5. Bc4 Nf6 6. d4 Bb4 7. Qd3 O-O 8.
Bxf4 Na5 9. Bb3 Nxb3 10. axb3 c6 11. O-O d5 12. e5 Nh5 13. Bd2 f6 14. Rae1 fxe5
15. dxe5 Bf5 16. Qd4 a5 17. Bg5 Qd7 18. Qh4 g6 19. Kh1 Bxc2 20. e6 Qc7 21. Bh6
Rfe8 22. Ng5 Be7 23. Rf7 Bf5 24. Qxh5 Bxg5 25. Qxg5 Qxf7 26. exf7+ Kxf7 27. Rxe8
Rxe8 28. h3 d4 29. Na4 d3 30. Qf4 Kg8 31. Qd4 b5 32. Qg7# {YaylaEmre est échec et mat} 1-0

[Event "Tournament 14472 - Europe Echecs"]
[Site "Europe Echecs"]
[Date "2020.07.10"]
[Round "3"]
[Time "15:09:57"]
[PlyCount "77"]
[White "CatherinotMarg"]
[Black "BretonVadim"]
[WhiteElo "1327"]
[BlackElo "1669"]
[Mode "WEB"]
[Result "0-1"]

1. e4 e5 2. Nf3 Nc6 3. Nc3 Nf6 4. Bb5 d6 5. d4 exd4 6. Nxd4 Bd7 7. Bc4 Ne5 8.
Bb3 Be7 9. O-O O-O 10. f4 Nc6 11. Qe2 Nxd4 12. Qd3 Nxb3 13. axb3 Re8 14. Bd2 a6
15. Rae1 b5 16. b4 c5 17. bxc5 dxc5 18. e5 Ng4 19. Qf3 Qb6 20. Nd5 Qe6 21. Nc7
Qc6 22. Nxe8 Qxf3 23. Rxf3 Rxe8 24. Rd3 Bf5 25. Rg3 c4 26. c3 Bc5+ 27. Kf1 Bf2
28. Rxg4 Bxe1 29. Rg5 Bxd2 30. Rxf5 Bc1 31. Ke2 Bxb2 32. Kd2 a5 33. Rg5 a4 34.
Rg3 a3 35. Kc2 Ra8 36. Re3 a2 37. Kxb2 a1=Q+ 38. Kc2 Ra2# {CatherinotMarg est échec et mat} 0-1

[Event "Tournament 14472 - Europe Echecs"]
[Site "Europe Echecs"]
[Date "2020.07.10"]
[Round "3"]
[Time "15:09:57"]
[PlyCount "57"]
[White "VerhilleGabin"]
[Black "ClemenconEllio"]
[WhiteElo "1660"]
[BlackElo "1324"]
[Mode "WEB"]
[Result "0-1"]

1. e4 Nf6 2. e5 Nd5 3. c4 Nb6 4. d4 d6 5. exd6 cxd6 6. Nf3 Nc6 7. Nc3 Bg4 8. Be2
g6 9. h3 Bxf3 10. Bxf3 Bg7 11. Be3 Qc7 12. b3 e6 13. O-O O-O 14. Rc1 Qe7 15. Re1
Rfe8 16. d5 Ne5 17. Bxb6 axb6 18. a4 Qf6 19. Ne4 Qf4 20. Nxd6 Nxf3+ 21. Qxf3
Qxd6 22. dxe6 Rxe6 23. Qxb7 Rae8 24. Rxe6 Qxe6 25. Qf3 Bd4 26. Rd1 Bc5 27. Kf1
Qe5 28. Rd7 Qe1# {VerhilleGabin est échec et mat} 0-1

[Event "Tournament 14472 - Europe Echecs"]
[Site "Europe Echecs"]
[Date "2020.07.10"]
[Round "3"]
[Time "15:09:57"]
[PlyCount "63"]
[White "GrimaultLeane"]
[Black "PigourierAdrie"]
[WhiteElo "1622"]
[BlackElo "1260"]
[Mode "WEB"]
[Result "0-1"]

1. c4 e5 2. Nc3 Nf6 3. Nf3 c6 4. Nxe5 d6 5. Nf3 d5 6. b3 Be6 7. d3 Bb4 8. Bb2 d4
9. Nxd4 Qxd4 10. Rc1 O-O 11. g3 Nbd7 12. Bg2 Nb6 13. O-O Bxc3 14. Bxc3 Qd7 15.
Qd2 Rfe8 16. Qg5 Qe7 17. h4 h6 18. Qd2 Rad8 19. Qb2 Nbd7 20. d4 Bf5 21. Rfe1 Bg6
22. Rcd1 Nh5 23. e4 Qf6 24. e5 Qf5 25. Kh2 f6 26. e6 Nb6 27. d5 cxd5 28. cxd5
Nxd5 29. Be4 Qg4 30. Bxd5 Bf5 31. Kg1 Bxe6 {GrimaultLeane a perdu au temps} 0-1

[Event "Tournament 14472 - Europe Echecs"]
[Site "Europe Echecs"]
[Date "2020.07.10"]
[Round "3"]
[Time "15:09:57"]
[PlyCount "132"]
[White "DelmasRaphael"]
[Black "LaposteNicolas"]
[WhiteElo "1325"]
[BlackElo "1616"]
[Mode "WEB"]
[Result "1-0"]

1. e4 e5 2. Nf3 Nc6 3. d4 exd4 4. Nxd4 Bc5 5. Be3 Qf6 6. c3 Nge7 7. g3 d5 8. Bg2
dxe4 9. Nd2 Nxd4 10. cxd4 Bb6 11. Nxe4 Qg6 12. O-O Bf5 13. Nc5 Bxc5 14. dxc5 c6
15. Re1 O-O 16. Qb3 Bc8 17. Rad1 Re8 18. Bf4 Qf6 19. Bd6 Bg4 20. f3 Bc8 21. Bxe7
Be6 22. Qxb7 Qxe7 23. Qxc6 Rac8 24. Qd6 Qf6 25. c6 Qxb2 26. c7 Qxa2 27. f4 Qa5
28. Rc1 Qb5 29. Rb1 Qa5 30. Rec1 Bf5 31. Rb2 h6 32. Bb7 Bh3 33. Qb4 Qf5 34. Bxc8
Rxc8 35. Rd2 Qf6 36. Qd4 Qa6 37. Rb2 Qa3 38. Rbc2 Qa6 39. Qd8+ Kh7 40. Qd4 Kg8
41. Rd1 g6 42. Qe5 Kh7 43. Qe7 Qb6+ 44. Qc5 Qa6 45. Rcd2 Be6 46. Rd8 Qb7 47. Qd4
Qb6 48. Qxb6 axb6 49. Rxc8 Bxc8 50. Rd8 Be6 51. c8=Q Bxc8 52. Rxc8 b5 53. Rb8 b4
54. Rxb4 g5 55. fxg5 hxg5 56. Kf2 Kg6 57. Kf3 Kg7 58. Kg4 Kg6 59. Rb6+ Kg7 60.
Kxg5 Kh7 61. h4 Kg7 62. h5 Kh7 63. h6 Kg8 64. Rb8+ Kh7 65. Kf6 Kxh6 66. Rh8# {LaposteNicolas est échec et mat} 1-0

[Event "Tournament 14472 - Europe Echecs"]
[Site "Europe Echecs"]
[Date "2020.07.10"]
[Round "3"]
[Time "15:09:57"]
[PlyCount "54"]
[White "TuillierValent"]
[Black "BaderPaul"]
[WhiteElo "1607"]
[BlackElo "1243"]
[Mode "WEB"]
[Result "1-0"]

1. e4 e5 2. Nf3 d6 3. d4 Bg4 4. dxe5 Bxf3 5. Qxf3 dxe5 6. Nc3 Nc6 7. Bb5 Qd7 8.
O-O Nf6 9. Be3 a6 10. Rfd1 Qe6 11. Ba4 Be7 12. Nd5 O-O 13. Nxc7 Qc4 14. Bxc6
Rac8 15. Bd5 Qxc7 16. c3 h6 17. Rd2 Kh8 18. Rad1 Qa5 19. Bb3 Rcd8 20. h3 Rxd2
21. Rxd2 Bc5 22. Bxh6 Nxe4 23. Bxg7+ Kxg7 24. Qxe4 f6 25. Rd7+ Kh6 26. Rh7+ Kg5
27. h4# {BaderPaul est échec et mat} 1-0

[Event "Tournament 14472 - Europe Echecs"]
[Site "Europe Echecs"]
[Date "2020.07.10"]
[Round "3"]
[Time "15:09:57"]
[PlyCount "70"]
[White "HeauMaxime"]
[Black "ChardonHeremoa"]
[WhiteElo "1315"]
[BlackElo "1600"]
[Mode "WEB"]
[Result "1-0"]

1. e4 e5 2. Nf3 Nc6 3. Bc4 Bc5 4. c3 d6 5. d4 exd4 6. cxd4 Bb4+ 7. Bd2 Bxd2+ 8.
Qxd2 Nf6 9. Nc3 O-O 10. O-O Ne7 11. Ng5 Ng6 12. f4 h6 13. Nf3 c6 14. f5 Ne7 15.
Nh4 d5 16. exd5 Nexd5 17. Rf3 Nxc3 18. bxc3 Ne4 19. Qf4 Ng5 20. Rg3 Kh8 21. Nf3
Nxf3+ 22. Qxf3 Qf6 23. Rf1 Bd7 24. Qh5 Rae8 25. Rf4 Qe7 26. Rh4 Qf6 27. Rg5 b5
28. Bb3 Re7 29. Rhg4 Re1+ 30. Kf2 Rfe8 31. Rxg7 R8e2+ 32. Kg3 Qxg7 33. Rxg7 Kxg7
34. Qxf7+ Kh8 35. Qg8# {ChardonHeremoa est échec et mat} 1-0

[Event "Tournament 14472 - Europe Echecs"]
[Site "Europe Echecs"]
[Date "2020.07.10"]
[Round "3"]
[Time "15:09:57"]
[PlyCount "88"]
[White "BietteAntonin"]
[Black "ManuelInes"]
[WhiteElo "1569"]
[BlackElo "1230"]
[Mode "WEB"]
[Result "1-0"]

1. e4 e5 2. Nf3 d6 3. Bc4 c5 4. Nc3 Nf6 5. h3 Nc6 6. d3 Be6 7. Bxe6 fxe6 8. O-O
Nd4 9. a4 Be7 10. Nxd4 cxd4 11. Ne2 O-O 12. c4 dxc3 13. bxc3 d5 14. Qb3 Qd7 15.
Ng3 dxe4 16. dxe4 Bc5 17. Ba3 b6 18. Bxc5 bxc5 19. Rfd1 Rab8 20. Qc4 Qc8 21. Rd6
Re8 22. Rad1 g6 23. Ne2 Rb2 24. Nc1 Rb1 25. Nb3 Rxd1+ 26. Rxd1 h5 27. Qxc5 Nxe4
28. Qxe5 Nxc3 29. Rc1 Qb8 30. Qxc3 Rc8 31. Qxc8+ Qxc8 32. Rxc8+ Kf7 33. Rc7+ Kf6
34. Rxa7 e5 35. Rc7 Kf5 36. a5 e4 37. a6 Kf4 38. a7 e3 39. fxe3+ Kxe3 40. a8=Q
Kf4 41. Re7 Kg3 42. Qf3+ Kh4 43. Qf6+ Kg3 44. Re3# {ManuelInes est échec et mat} 1-0

[Event "Tournament 14472 - Europe Echecs"]
[Site "Europe Echecs"]
[Date "2020.07.10"]
[Round "3"]
[Time "15:09:57"]
[PlyCount "97"]
[White "SzubertEmma"]
[Black "DosSantosLilia"]
[WhiteElo "1232"]
[BlackElo "1527"]
[Mode "WEB"]
[Result "0-1"]

1. e4 e6 2. d4 d5 3. exd5 exd5 4. h3 Bf5 5. Nf3 Nf6 6. Bg5 Nbd7 7. Ne5 Be7 8.
Nc3 c6 9. Qf3 Bxc2 10. Bd3 Bxd3 11. Qxd3 Nxe5 12. dxe5 Nd7 13. Bf4 O-O 14. Qg3
g6 15. h4 h5 16. a3 Re8 17. O-O Bxh4 18. Qe3 Qe7 19. g3 g5 20. gxh4 gxf4 21.
Qxf4 Qxe5 22. Qf3 Nf6 23. Rfe1 Qd4 24. Red1 Qg4+ 25. Qxg4+ Nxg4 26. Rd3 Kh7 27.
Rf3 Re7 28. Rf5 Kg6 29. Rf3 Rae8 30. Kg2 f5 31. Rg3 Kf6 32. Kf3 Re1 33. Ra2 Rh1
34. Kf4 Nxf2 35. b4 Rxh4+ 36. Kf3 Ne4 37. Nxe4+ fxe4+ 38. Kg2 Rg4 39. Rf2+ Ke6
40. Rxg4 hxg4 41. Kg3 Rg8 42. Rh2 Rg7 43. Rh6+ Ke5 44. Rh8 Kd4 45. Rf8 Kc4 46.
Rf1 Kb3 47. Ra1 Kb2 48. Re1 Kxa3 {SzubertEmma a abandonné} 0-1

[Event "Tournament 14472 - Europe Echecs"]
[Site "Europe Echecs"]
[Date "2020.07.10"]
[Round "3"]
[Time "15:09:57"]
[PlyCount "60"]
[White "RenaudinAxelle"]
[Black "SalvignolNatha"]
[WhiteElo "1526"]
[BlackElo "1209"]
[Mode "WEB"]
[Result "1-0"]

1. Nf3 d5 2. c4 e6 3. b3 Nf6 4. Bb2 Bd6 5. e3 Bd7 6. d4 c5 7. Bd3 Nc6 8. O-O O-O
9. Nc3 Qc7 10. Nb5 Qb8 11. Nxd6 Qxd6 12. Rc1 Rac8 13. dxc5 Qe7 14. Ng5 g6 15.
Qf3 Nh5 16. Qxh5 f6 17. Qh6 fxg5 18. Bxg6 e5 19. cxd5 hxg6 20. Qxg6+ Qg7 21.
Qxg7+ Kxg7 22. dxc6 Bxc6 23. Bxe5+ Kg6 24. Rfd1 Kf5 25. Bd6 Rf6 26. Rd4 Kg6 27.
h3 Rh8 28. Rg4 Bd7 29. Re4 Bf5 30. Re7 {SalvignolNatha a perdu au temps} 1-0

[Event "Tournament 14472 - Europe Echecs"]
[Site "Europe Echecs"]
[Date "2020.07.10"]
[Round "3"]
[Time "15:09:57"]
[PlyCount "80"]
[White "GuignardJonath"]
[Black "PhambanienJacq"]
[WhiteElo "1523"]
[BlackElo "1204"]
[Mode "WEB"]
[Result "1-0"]

1. d4 Nf6 2. c4 g6 3. Nc3 Bg7 4. e4 d6 5. Nf3 O-O 6. Be2 e5 7. O-O Nc6 8. d5 Ne7
9. Ne1 Ne8 10. Be3 f5 11. f3 Nf6 12. Nd3 f4 13. Bf2 g5 14. c5 Ng6 15. cxd6 cxd6
16. Rc1 b6 17. Nb5 Rf7 18. Rc6 Qd7 19. Nxd6 Bb7 20. Nxb7 Qxb7 21. Qc2 Qd7 22.
Rc1 Ne8 23. Rc8 Rxc8 24. Qxc8 Qxc8 25. Rxc8 Kf8 26. Nb4 Rd7 27. Bb5 Re7 28. Nc6
Rc7 29. Rxc7 Nxc7 30. Nxa7 Nxb5 31. Nxb5 Ke7 32. Bxb6 h5 33. a4 Kd7 34. a5 Kc8
35. a6 Kb8 36. Nc7 Bf8 37. a7+ Kb7 38. a8=Q+ Kxb6 39. Qc6+ Ka5 40. Qb5# {PhambanienJacq est échec et mat} 1-0

[Event "Tournament 14472 - Europe Echecs"]
[Site "Europe Echecs"]
[Date "2020.07.10"]
[Round "3"]
[Time "15:09:57"]
[PlyCount "45"]
[White "MigoliRomain"]
[Black "FondratJohan"]
[WhiteElo "1201"]
[BlackElo "1509"]
[Mode "WEB"]
[Result "0-1"]

1. e4 c5 2. Nf3 Nc6 3. Bb5 d6 4. Nc3 Bd7 5. d3 g6 6. Be3 Bg7 7. Rb1 Nf6 8. O-O
O-O 9. h3 Rc8 10. d4 cxd4 11. Nxd4 Ne5 12. Bxd7 Qxd7 13. f4 Nc6 14. Nxc6 bxc6
15. Bxa7 Qxa7+ 16. Kh1 Nh5 17. a3 Ng3+ 18. Kh2 Nxf1+ 19. Qxf1 Rb8 20. Qc1 Qb7
21. Na4 c5 22. b3 Qxe4 {MigoliRomain a abandonné} 0-1

[Event "Tournament 14472 - Europe Echecs"]
[Site "Europe Echecs"]
[Date "2020.07.10"]
[Round "3"]
[Time "15:09:57"]
[PlyCount "55"]
[White "DeMendoncaLeo"]
[Black "GlemeeMalo"]
[WhiteElo "1199"]
[BlackElo "1474"]
[Mode "WEB"]
[Result "0-1"]

1. e4 d5 2. d4 dxe4 3. Bb5+ c6 4. Ba4 Nf6 5. Nc3 Bg4 6. f3 exf3 7. gxf3 Bf5 8.
Bf4 Nbd7 9. d5 cxd5 10. Nxd5 Qa5+ 11. b4 Qxd5 12. Qxd5 Nxd5 13. O-O-O Nc3 14.
Bxd7+ Bxd7 15. Rd3 Nxa2+ 16. Kd2 Nxb4 17. Rb3 e6 18. Ne2 Ba4 19. Rxb4 Bxb4+ 20.
c3 Bc5 21. Ra1 Rd8+ 22. Ke1 b5 23. Bc7 Rd7 24. Be5 O-O 25. h4 Rfd8 26. f4 Rd1+
27. Rxd1 Rxd1# {DeMendoncaLeo est échec et mat} 0-1

[Event "Tournament 14472 - Europe Echecs"]
[Site "Europe Echecs"]
[Date "2020.07.10"]
[Round "3"]
[Time "15:09:57"]
[PlyCount "67"]
[White "RavenelTangi"]
[Black "LeonardyBatist"]
[WhiteElo "1463"]
[BlackElo "1177"]
[Mode "WEB"]
[Result "0-1"]

1. c4 Nf6 2. Nc3 g6 3. g3 Bg7 4. Bg2 O-O 5. Nf3 d6 6. O-O e5 7. d3 Nc6 8. Rb1 a5
9. a3 Ne8 10. b4 axb4 11. axb4 f5 12. Bg5 Ne7 13. Nd5 Nf6 14. Nxf6+ Bxf6 15.
Bxf6 Rxf6 16. c5 f4 17. Qb3+ Be6 18. Qc3 Nd5 19. Qc2 fxg3 20. fxg3 Ne3 21. Qd2
Nxf1 22. Rxf1 Qf8 23. cxd6 cxd6 24. Ng5 Rxf1+ 25. Bxf1 Bd5 26. Qb2 Qf6 27. Nh3
Rf8 28. Qc1 Be6 29. Ng5 Qf2+ 30. Kh1 Bd5+ 31. e4 Bc6 32. Qc4+ Kh8 33. b5 Qxf1# {RavenelTangi est échec et mat} 0-1

[Event "Tournament 14472 - Europe Echecs"]
[Site "Europe Echecs"]
[Date "2020.07.10"]
[Round "3"]
[Time "15:09:57"]
[PlyCount "39"]
[White "ElimortJessene"]
[Black "ThibaudetVince"]
[WhiteElo "1199"]
[BlackElo "1450"]
[Mode "WEB"]
[Result "0-1"]

1. e4 d5 2. Nf3 dxe4 3. Ng5 e5 4. Nxe4 Bf5 5. f3 Nf6 6. Nxf6+ Qxf6 7. Qe2 Nc6 8.
d3 O-O-O 9. Qd1 Bb4+ 10. c3 Be7 11. Be2 Qh4+ 12. g3 Qf6 13. O-O Bh3 14. Re1 Bc5+
15. Kh1 e4 16. fxe4 Qf2 17. Bf3 Rxd3 18. Nd2 Rxf3 19. Nxf3 Qg2# {ElimortJessene est échec et mat} 0-1

[Event "Tournament 14472 - Europe Echecs"]
[Site "Europe Echecs"]
[Date "2020.07.10"]
[Round "3"]
[Time "15:09:57"]
[PlyCount "32"]
[White "JaulinVincent"]
[Black "SwietlikAlexan"]
[WhiteElo "1438"]
[BlackElo "1130"]
[Mode "WEB"]
[Result "1-0"]

1. e4 e5 2. Nf3 Nc6 3. Bc4 Bc5 4. c3 Nf6 5. d3 d6 6. Nbd2 O-O 7. Nf1 Bg4 8. h3
Bxf3 9. Qxf3 Qd7 10. Ng3 Rad8 11. Nf5 d5 12. Bb3 dxe4 13. dxe4 g6 14. Nh6+ Kg7
15. Bg5 Qd3 16. Qxf6# {SwietlikAlexan est échec et mat} 1-0

[Event "Tournament 14472 - Europe Echecs"]
[Site "Europe Echecs"]
[Date "2020.07.10"]
[Round "3"]
[Time "15:09:57"]
[PlyCount "23"]
[White "FonluptEsteban"]
[Black "ChareyreSylvai"]
[WhiteElo "1436"]
[BlackElo "1081"]
[Mode "WEB"]
[Result "0-1"]

1. e4 d5 2. exd5 Nf6 3. d4 Bg4 4. Be2 Bxe2 5. Nxe2 Qxd5 6. O-O Nc6 7. Nbc3 Qh5
8. Bf4 O-O-O 9. Be3 e5 10. d5 Ng4 11. Bd2 Qxh2# {FonluptEsteban est échec et mat} 0-1

[Event "Tournament 14472 - Europe Echecs"]
[Site "Europe Echecs"]
[Date "2020.07.10"]
[Round "3"]
[Time "15:09:57"]
[PlyCount "36"]
[White "JamaliElias"]
[Black "LabordeAntonn"]
[WhiteElo "1434"]
[BlackElo "1002"]
[Mode "WEB"]
[Result "1-0"]

1. e4 e5 2. Nf3 Nc6 3. Bc4 Bc5 4. d3 d6 5. Nbd2 Nf6 6. h3 Be6 7. O-O O-O 8. Re1
h6 9. Nf1 Nd4 10. Ng3 Bxc4 11. dxc4 Qd7 12. Nh4 Bb6 13. Nhf5 Nxf5 14. Nxf5 Qc6
15. Qf3 Qc5 16. Qg3 g5 17. Bxg5 hxg5 18. Qxg5+ {LabordeAntonn a perdu au temps} 1-0

[Event "Tournament 14472 - Europe Echecs"]
[Site "Europe Echecs"]
[Date "2020.07.10"]
[Round "3"]
[Time "15:09:57"]
[PlyCount "87"]
[White "PodbeltsevKiri"]
[Black "StajkovskiStef"]
[WhiteElo "999"]
[BlackElo "1428"]
[Mode "WEB"]
[Result "0-1"]

1. c4 c5 2. Nc3 Nc6 3. e4 g6 4. Nf3 Bg7 5. Nd5 d6 6. Bd3 Bg4 7. O-O Nd4 8. Be2
Nxe2+ 9. Qxe2 e6 10. Nf4 Ne7 11. h3 Bxf3 12. Qxf3 Nc6 13. Qd3 Ne5 14. Qc3 O-O
15. d4 cxd4 16. Qxd4 Nf3+ 17. gxf3 Bxd4 18. Ne2 Be5 19. f4 Bg7 20. b4 Bxa1 21.
Be3 Bg7 22. Nd4 Qc7 23. Nb5 Qxc4 24. Nxa7 Bd4 25. Bxd4 Qxd4 26. Nb5 Qxb4 27. Nc7
Rac8 28. Rc1 Qb6 29. Rb1 Qxc7 30. a4 Qc1+ 31. Rxc1 Rxc1+ 32. Kg2 Ra1 33. h4 Rxa4
34. Kg3 Rxe4 35. f3 Re3 36. Kg4 h5+ 37. Kg3 Ra8 38. Kf2 Raa3 39. f5 Rxf3+ 40.
Ke2 Rfb3 41. Kd2 Rb2+ 42. Kc1 Rg2 43. Kd1 Ra1# {PodbeltsevKiri est échec et mat} 0-1

[Event "Tournament 14472 - Europe Echecs"]
[Site "Europe Echecs"]
[Date "2020.07.10"]
[Round "3"]
[Time "15:09:57"]
[PlyCount "64"]
[White "MolinesMartin"]
[Black "GrallKaelan"]
[WhiteElo "1033"]
[BlackElo "1577"]
[Mode "WEB"]
[Result "0-1"]

1. e4 c5 2. Nf3 d6 3. d4 cxd4 4. Nxd4 Nf6 5. Nc3 g6 6. Bg5 Bg7 7. Bd3 O-O 8. O-O
Nc6 9. Nxc6 bxc6 10. Re1 c5 11. Rb1 Bb7 12. Bc4 Nd7 13. Nd5 Re8 14. Bf4 Ne5 15.
Bxe5 Bxe5 16. Ne3 Rb8 17. c3 Bxe4 18. Nc2 Bxc2 19. Qxc2 Qc7 20. Qe2 Qb6 21. Qf3
Rf8 22. Qd5 Bxc3 23. Bb3 Bxe1 24. Rxe1 e6 25. Qd3 d5 26. Qc2 c4 27. Ba4 Qxb2 28.
Qxb2 Rxb2 29. Ra1 Rfb8 30. g3 Rb1+ 31. Rxb1 Rxb1+ 32. Kg2 {MolinesMartin a abandonné} 0-1

[Event "Tournament 14472 - Europe Echecs"]
[Site "Europe Echecs"]
[Date "2020.07.10"]
[Round "3"]
[Time "15:09:57"]
[PlyCount "60"]
[White "EboueIhona"]
[Black "BoucherAngel"]
[WhiteElo "1429"]
[BlackElo "1199"]
[Mode "WEB"]
[Result "1-0"]

1. d4 d6 2. Bf4 Nd7 3. e3 Ngf6 4. Nf3 c6 5. Bd3 Qc7 6. c3 e5 7. dxe5 dxe5 8. Bg3
e4 9. Bxc7 exf3 10. Qxf3 Be7 11. Bf4 O-O 12. O-O Nd5 13. Bg3 Nc5 14. Rd1 Rd8 15.
Bc4 Be6 16. Bxd5 Bxd5 17. Qg4 Be6 18. Qe2 b5 19. Nd2 Bc4 20. Nxc4 bxc4 21. Qxc4
Ne6 22. Qxc6 Rac8 23. Rxd8+ Rxd8 24. Qf3 Ng5 25. Qb7 g6 26. Qxe7 Rd2 27. Qxg5
Rxb2 28. h3 Rc2 29. Be5 Rb2 30. Qd8# {BoucherAngel est échec et mat} 1-0